| 000 | 00624nam a22002417a 4500 | ||
|---|---|---|---|
| 003 | UA-OsUOA | ||
| 001 | 135701 | ||
| 007 | ta | ||
| 008 | 20190212b un ||||| |||| 00| 0 ukr d | ||
| 100 | _aГайдеггер М. | ||
| 090 |
_a140.8:81 _bГ14 |
||
| 942 | _cBK | ||
| 040 |
_aUA-OsUOA _bukr _cUA-OsUOA _dUA-OsUOA |
||
| 245 | _aДорогою до мови | ||
| 300 | _a232 с. | ||
| 955 | _a1 | ||
| 041 |
_aukr _hМова оригіналу |
||
| 080 | _a140.8:81 | ||
| 020 | _a966-7007-65-5 | ||
| 260 |
_aЛьвів _bЛітопис _c2007 |
||
| 650 | 7 |
_a1 Філософські науки _2UDC |
|
| 999 |
_c408923 _d408923 |
||